00602 2200229 4500001002100000005001700021008004100038035002400079082001100103090001800114100002200132245004000154260003500194300001900229650003000248650003200278850001500310980001300325985000600338986001300344999001500357YOGYA-0209000001529720090227022520.0 ind  0010-020900000015297 a321.84 a321.84bCra R aCRANKSHAW, Edward aRusia by daylightcEdward Crankshaw aLondonbMichael Josephc[s.a.] a240 hlmc21 cm aKomunisme Rusia - Politik aRusia - Politik - Komunisme aYOPDYOG(B) a26-08-05 a1 afwhRTREV ab000049880